000 00310nam a22001337a 4500
008 171030b xxu||||| |||| 00| 0 eng d
020 _a9780070050990
041 _aeng
080 _a336
100 _a57
101 _aFIN
245 _aCORPORATE FINANCE A VALUATION APPROACH
_cBENNINGA,S.Z
942 _2udc
_cBK
999 _c36442
_d36442